000 00218nam a22000857a 4500
008 160908b xxu||||| |||| 00| 0 eng d
100 _9332
_aVerma S
245 _aMathematics-X
260 _aNew Delhi
_bS.Chand publication
_c2011
999 _c2992
_d2992